Bannada badukina chinnada dinagalu (Record no. 121911)
[ view plain ]
| 000 -LEADER | |
|---|---|
| fixed length control field | 01377nam a2200253Ia 4500 |
| 003 - CONTROL NUMBER IDENTIFIER | |
| control field | OSt |
| 005 - DATE AND TIME OF LATEST TRANSACTION | |
| control field | 20251111162234.0 |
| 008 - FIXED-LENGTH DATA ELEMENTS--GENERAL INFORMATION | |
| fixed length control field | 210210b2017 xxu||||| |||| 00| 0 eng d |
| 040 ## - CATALOGING SOURCE | |
| Transcribing agency | AL |
| 041 ## - LANGUAGE CODE | |
| Language code of text/sound track or separate title | Kannada |
| 082 ## - DEWEY DECIMAL CLASSIFICATION NUMBER | |
| Classification number | 792.092K GANB |
| 100 ## - MAIN ENTRY--PERSONAL NAME | |
| Personal name | GANESHA AMINAGADA |
| 9 (RLIN) | 132146 |
| Dates associated with a name | ಗಣೇಶ ಅಮೀನಗಡ |
| 245 ## - TITLE STATEMENT | |
| Title | Bannada badukina chinnada dinagalu |
| Remainder of title | ಬಣ್ಣದ ಬದುಕಿನ ಚಿನ್ನದ ದಿನಗಳು |
| 260 ## - PUBLICATION, DISTRIBUTION, ETC. | |
| Place of publication, distribution, etc. | Bengaluru |
| Name of publisher, distributor, etc. | - |
| Date of publication, distribution, etc. | 2017 |
| 300 ## - PHYSICAL DESCRIPTION | |
| Extent | 160 |
| 520 ## - SUMMARY, ETC. | |
| Summary, etc. | "ಬಣ್ಣದ ಬದುಕಿನ ಚಿನ್ನದ ದಿನಗಳು" ಎಂಬುದು ಗಣೇಶ ಅಮೀನಗಡ ಅವರು ಬರೆದ ಒಂದು ಪುಸ್ತಕವಾಗಿದೆ. ಇದು ಖ್ಯಾತ ರಂಗಕರ್ಮಿ ಮತ್ತು ಕಲಾವಿದರಾದ ಏಣಗಿ ಬಾಳಪ್ಪ ಅವರ ರಂಗಭೂಮಿ ಅನುಭವಗಳ ಕಥನವಾಗಿದೆ. ಈ ಕೃತಿಯಲ್ಲಿ ಲೇಖಕರು ಏಣಗಿ ಬಾಳಪ್ಪ ಅವರ ರಂಗಭೂಮಿಯ ಅನುಭವಗಳನ್ನು ಮತ್ತು ಅವರ ಬದುಕಿನ ಕುರಿತು ವಿವರಿಸಿದ್ದಾರೆ |
| 650 ## - SUBJECT ADDED ENTRY--TOPICAL TERM | |
| Topical term or geographic name entry element | dinagalu |
| 9 (RLIN) | 132147 |
| 650 ## - SUBJECT ADDED ENTRY--TOPICAL TERM | |
| Topical term or geographic name entry element | chinnada |
| 9 (RLIN) | 132148 |
| 650 ## - SUBJECT ADDED ENTRY--TOPICAL TERM | |
| Topical term or geographic name entry element | Bannada |
| 9 (RLIN) | 132149 |
| 650 ## - SUBJECT ADDED ENTRY--TOPICAL TERM | |
| Topical term or geographic name entry element | badukina |
| 9 (RLIN) | 132150 |
| 690 ## - LOCAL SUBJECT ADDED ENTRY--TOPICAL TERM (OCLC, RLIN) | |
| Topical term or geographic name as entry element | Theatre |
| 9 (RLIN) | 132151 |
| 906 ## - LOCAL DATA ELEMENT F, LDF (RLIN) | |
| a | 072093 |
| 942 ## - ADDED ENTRY ELEMENTS (KOHA) | |
| Source of classification or shelving scheme | Dewey Decimal Classification |
| Koha item type | Book |
| Withdrawn status | Lost status | Source of classification or shelving scheme | Damaged status | Not for loan | Collection code | Home library | Current library | Shelving location | Date acquired | Source of acquisition | Cost, normal purchase price | Total Checkouts | Full call number | Barcode | Date last seen | Price effective from | Koha item type |
|---|---|---|---|---|---|---|---|---|---|---|---|---|---|---|---|---|---|
| Dewey Decimal Classification | Kannada | St Aloysius Library | St Aloysius Library | 02/17/2021 | Navakarnataka Publication Pvt Ltd Mangalore | 120.00 | 792.092K GANB | 072093 | 02/17/2021 | 02/17/2021 | Book |